00601nam a22001937a 450000500170000001000130001702000110003003500130004103700160005404000120007008200160008210000250009824500720012326000380019527000500023330000300028365000470031365000470036020170124110019.0 aA-381860 c125.00 aA-381860 bCen Lib/Ret aDPLbEN a336.21bSIN aSinghania, Vinod K.  aTaxmann's direct taxes :cby Vinod K Singhania blaw and practice / aDelhibTaxmann Publicationsc1990 bDelhia1871 Kucha Chelan, Khari Baolie110006 avarious pagingsc22cm(Hb) aIncome tax -- Law and legislation -- India aWealth tax -- Law and legislation -- India